000 00376nam a22001217a 4500
008 230606b xxu||||| |||| 00| 0 eng d
050 _a9966460047
082 _a337.21
_bMKA
245 _aInternational Political Economy
_bUnderstanding Global Disorder
_cIndividual Contributors
260 _aNairobi
_bEast African Educational Publishers
_c1995
300 _a152 p
942 _2ddc
_cBK
999 _c601
_d601